Moderné bankové nástroje

Gespeichert in:
Bibliographische Detailangaben
1. Verfasser: Čamajová, Katarína (Verfasst von)
Weitere Verfasser: Zatrochová, Monika (Betreuung Doktorarbeit)
Format: Manuskript Buch
Sprache:Slowakisch
Veröffentlicht: 2015
Schlagworte:
Online-Zugang:http://is.stuba.sk/zp/portal_zp.pl?podrobnosti=93641
Tags: Tag hinzufügen
Keine Tags, Fügen Sie das erste Tag hinzu!

MARC

LEADER 00000ntm a22000003a 4500
001 stuzp53025
003 SK-STU
005 20160719154344.2
007 ta
008 150427s2015----xo-----f-mn---000-0-slo-d
040 |a STU  |b slo 
041 0 |a slo 
100 1 |a Čamajová, Katarína  |u 902024  |4 aut  |U Ústav manažmentu STU  |T ÚM - Oddelenie manažmentu chemických a potravinárskych technológií  |X 61815  |U R2024  |Y 408  |7 61815 
242 0 1 |a Modern banking tools  |y eng 
245 1 0 |a Moderné bankové nástroje 
260 |c 2015 
650 4 |a elektronické bankovníctvo  |2 slo 
650 4 |a moderné bankové nástroje  |2 slo 
650 4 |a debetné a kreditné karty  |2 slo 
650 4 |a debit and credit cards  |2 eng 
650 4 |a modern banking tools  |2 eng 
650 4 |a electronic banking  |2 eng 
700 1 |a Zatrochová, Monika  |4 ths  |X 1700  |7 1700 
856 4 |u http://is.stuba.sk/zp/portal_zp.pl?podrobnosti=93641 
SQL |a stuzp53025  |b DBP  |c SLO  |d Moderné bankové nástroje  |e 61815  |f Čamajová, Katarína  |g 902024  |h 1700  |i Zatrochová, Monika  |j 20150714  |k 104  |l 04  |m http://is.stuba.sk/zp/portal_zp.pl?podrobnosti=93641  |n B-AIM  |o 5.2.14. automatizácia, 5.2.52. priemyselné inžinierstvo